000 00284nam a22001337a 4500
008 181206b xxu||||| |||| 00| 0 eng d
020 _a9780763737900
041 _aeng
080 _a610
100 _a4
101 _aSHM
245 _aPublic Health
_cBernard.J.T
942 _2udc
_cBK
999 _c52970
_d52970